| 000 | 01043cam a22002775a 4500 | ||
|---|---|---|---|
| 001 | 17827322 | ||
| 005 | 20201128023552.0 | ||
| 008 | 130726t2014 ctua frb 001 0 eng d | ||
| 020 | _a1133947751 (hardback) | ||
| 020 | _a9781133947752 (hardback) | ||
| 040 |
_aUKMGB _beng _cUKMGB _dEG-ScBUE _dEG-ScBUE |
||
| 082 | 0 | 4 |
_a658.022 _bSMA _222 |
| 245 | 0 | 0 |
_aSmall business management : _blaunching & growing entrepreneurial ventures / _cJustin G. Longenecker ... [et al.] |
| 246 | 3 | 4 |
_aSmall business management : _blaunching and growing entrepreneurial ventures |
| 250 | _a17th ed. | ||
| 260 |
_astamford : _bCengage Learning, _cc.2014. |
||
| 300 |
_axxiv, 706 p. : _bill. (chiefly col.) ; _c29 cm. |
||
| 500 | _aIndex : p. 693-706. | ||
| 500 | _aIncludes appendix. | ||
| 504 | _aIncludes bibliographical references. | ||
| 650 | 7 |
_aSmall business _xManagement. _2BUEsh _9238 |
|
| 651 | _2BUEsh | ||
| 653 |
_bBUSADM _cSeptember2015 _cDecember2015 |
||
| 700 | 1 |
_aLongenecker, Justin G. _q(Justin Gooderl), _d1917-2005. |
|
| 942 |
_2ddc _k658.022 SMA |
||
| 999 |
_c20807 _d20779 |
||